Amazon HQ City Finalists - Statistics

General Stats
  • This quiz has been taken 28 times
  • The average score is 10 of 15
Answer Stats
City % Correct
New York City
100%
Chicago
92%
Dallas
88%
Los Angeles
88%
Atlanta
84%
Denver
80%
Boston
72%
Philadelphia
68%
Toronto
68%
Austin
64%
Nashville
52%
Pittsburgh
52%
Indianapolis
48%
Columbus
44%
Raleigh
36%
No matching quizzes found
Score Distribution
Percent of People with Each Score
Percentile by Number Answered
Your Score History
You have not taken this quiz